000 00420cam a22001337a 4500
008 180718b1917 xxu||||| |||| 00| 0 eng d
082 _aF5x54 Sa79
100 _aSastri, V.S. Srinivasa
245 _aThe Congress - Legue scheme: an exposition
_cby V.S. Srinivasa Sastri
260 _aAllahabad
_bServants of India Society
_c1917
300 _a66p.
650 _aConstitutional History - India
650 _aIndia - Politics
999 _c374900
_d374900